Chasse Aux Mots (Forme: Mot 8 : Limace) - Statistiques

Statistiques générales
  • Ce quiz a été pris 240 fois
  • Le résultat moyen est 7 sur 8
Statistiques - réponses
Numéro
(Mot 6 : Pomme)
Mot Caché
(Mot 2 : Gontran)
% Correct
6 Pomme
97%
2 Gontran
96%
5 Courgette
83%
8 Limace
83%
1 Youtube
83%
3 Croatie
78%
7 Règle
70%
4 Post it
62%
Aucun quiz correspondant
Distribution des résultats
% des personnes avec chaque résultat
Percentile par nombre de réponses
Votre historique - résultats
Vous n’avez pas pris ce quiz